000 00650nam1a22002051i 4500
001 rc\1099264
005 20240725231108.0
035 _a(NLR Aleph) 006377322
090 _a5052432
_c5052432
100 _a20041126d1984 u |0rusy50 ca
101 0 _arus
102 _aRU
105 _ay |||||||||
200 1 _aВстреча-84
_eСтихи [краснояр. поэтов, участников XI краев. семинара мой авт.]
_e7 бр. в обертке
210 _aКрасноярск
_cКн. изд-во
_d1984
215 _d17
801 0 _aRU
_bNLR
_gpsbo
801 1 _aRU
_bELAR
_2rusmarc
852 _aNLR
_j85-2/1514-1-7
942 _cBOOK